000 00621nam a2200145Ia 4500
008 100204s9999 xx 000 0 und d
082 _b17813
100 _aशेणोलीकर हरि श्रीधर
245 _aमराठी संत तत्वज्ञान संज्ञा - कोश
260 _b"एस.एज.क्रिएशन , पुणे"
_c1994
300 _a551
630 _aमराठी संत तत्वज्ञान संज्ञा - कोश
730 _aमराठी संत तत्वज्ञान संज्ञा - कोश
942 _cBOOK
999 _c462236
_d462233